[Event "10th Mumbai Mayors Cup 2017"]
[Site "Mumbai"]
[Date "2017.07.06"]
[Round "5"]
[White "Karthik Venkataraman"]
[Black "Shrutarshi Ray"]
[Result "1-0"]
[WhiteElo "2317"]
[BlackElo "1852"]
[Annotator "TA"]
[PlyCount "45"]
[EventDate "2017.06.04"]
[EventType "swiss"]
[EventCountry "IND"]
[SourceTitle "playchess.com"]
[Source "ChessBase"]
[SourceQuality "1"]

{[%evp 18,45,60,38,43,37,54,43,201,183,207,199,187,167,207,193,206,137,155,120,253,248,268,261,437,388,690,690,2093,1295]} 1. e4 c5 2. Nf3 d6 3. d4 cxd4 4. Nxd4 Nf6 5. Nc3 g6 6. Be3 Bg7 7. f3 a6 8. Qd2 h5 {B75: Sicilian Dragon: Yugoslav Attack, Miscellaneous} 9. Bc4 (9. Be2 Nbd7 10. O-O b6 11. Nd5 Bb7 12. c4 O-O 13. Rfd1 Rc8 14. Rac1 Re8 15. Bg5 e6 16. Nxf6+ Bxf6 17. Bxf6 Qxf6 {1-0 (54) Kryvoruchko,Y (2711)-Zubarev,A (2548) Lvov 2015}) 9... Nbd7 10. Bb3 {LiveBook: 3 Games} Nc5 {White is slightly better.} 11. O-O-O b5 12. Kb1 Qc7 $146 (12... Bd7 $14) ({Predecessor:} 12... Bb7 13. Nd5 Nxb3 14. Nxb3 Bxd5 15. exd5 a5 16. Nd4 {0-1 (30) Haldorsen,B (2194)-Kjoita,H (2052) Oslo 2015}) 13. e5 $1 $18 {[%cal Re5f6]} Nxb3 14. axb3 {[%cal Ba2b3,Bb3b4][%mdl 32]} (14. Nxb3 dxe5 15. a3 Bf5 $15) 14... Nd7 ({Don't go for} 14... dxe5 $2 15. Ndxb5 $1 {[%mdl 512]} axb5 16. Nxb5 $18) 15. e6 $36 {[%mdl 2048] White has strong initiative.} Nc5 {[#]} 16. exf7+ $1 Kxf7 17. b4 Ne6 18. Rhe1 {And now Nd5 would win.} Bd7 (18... Qc4 $16 {was necessary.}) 19. Nd5 ({Don't take} 19. Nxe6 $6 Bxe6 20. Bd4 Bxd4 $18) 19... Qb7 {With the idea ...Bxd4.} 20. Nb3 Rab8 $2 {[#]} (20... Rae8 21. Na5 Qc8) 21. Nxe7 $1 {[%mdl 512]} Kxe7 $2 (21... Rbe8 22. Bg5 Qc7) 22. Qxd6+ Ke8 23. Nc5 {Precision: White = 63%, Black = 27%.} 1-0

[Event "10th Mumbai Mayors Cup 2017"]
[Site "Mumbai"]
[Date "2017.07.06"]
[Round "5"]
[White "Mohammad Fahad, Rahman"]
[Black "Babujian, Levon"]
[Result "0-1"]
[WhiteElo "2305"]
[BlackElo "2438"]
[Annotator "TA"]
[PlyCount "86"]
[EventDate "2017.06.04"]
[EventType "swiss"]
[EventCountry "IND"]
[SourceTitle "playchess.com"]
[Source "ChessBase"]
[SourceQuality "1"]

{[%evp 16,86,31,26,85,64,68,59,56,48,73,44,63,70,63,52,72,7,23,3,5,-14,-18,-25,-25,-25,-25,-27,-32,-90,-81,-90,-89,-81,-87,-82,-79,-106,-96,-112,-117,-173,-56,-127,-72,-241,-212,-194,-121,-130,-50,-170,-157,-239,-250,-269,-312,-299,-297,-822,-822,-867,-865,-865,-859,-859,-859,-859,-855,-859,-816,-810,-855]} 1. c4 e5 2. g3 Nf6 3. Nc3 Bb4 4. Bg2 Bxc3 5. bxc3 d6 6. d3 O-O 7. e4 Be6 {A22: English Opening: 1...e5 2 Nc3 Nf6} (7... Nc6 8. Ne2 Bd7 9. h3 Ne8 10. O-O a6 11. a4 b6 12. f4 exf4 13. Bxf4 Ne5 14. Nd4 g6 15. Nc2 Ng7 16. Ne3 {1-0 (34) Nakamura,H (2670)-Efimenko,Z (2638) Gibraltar 2008}) 8. Ne2 Qc8 9. h3 {LiveBook: 3 Games} c6 (9... Nc6 $11 {remains equal.}) 10. g4 $146 ({Predecessor:} 10. f4 exf4 11. gxf4 Re8 12. f5 Bd7 13. Bg5 Qd8 14. O-O Bc8 {1-0 (35) Yuffa,D (2375)-Belyakov,B (2388) Tyumen 2012}) 10... Rd8 11. Bg5 {[%cal Bc1g5,Bg5h4,Bh4g3][%mdl 32]} Nbd7 12. f4 {Threatens to win with f5.} exf4 13. Nxf4 Rf8 14. O-O Qc7 15. Bh4 h6 16. Nxe6 ({White should try} 16. Bg3 $16) 16... fxe6 $11 17. Bg3 Nh7 18. Qd2 Rxf1+ 19. Rxf1 Rf8 20. Rxf8+ Nhxf8 21. d4 e5 22. g5 (22. h4 $15) 22... hxg5 $17 23. Qxg5 Qa5 24. Qd2 exd4 25. Qxd4 Qxa2 26. Bxd6 Ne6 27. Qd3 a5 28. h4 (28. Bf3 $17) 28... Ndc5 (28... Qa1+ $19 29. Kh2 a4) 29. Qe3 (29. Qd1 $15) 29... b6 $36 {[%mdl 2048] Keeping White busy.} 30. Qg3 $2 (30. e5 $17 {was the only defense.}) 30... Qb1+ (30... Qxc4 31. Qg6 $15) 31. Kh2 Qd3 (31... Qd1 $19 {...a4 is the strong threat.} 32. Bxc5 bxc5 33. Qb8+ Qd8 34. Qxd8+ Nxd8) 32. Qe5 Qxc4 (32... Qe3 $1 $17 {White must now prevent ...a4.} 33. Bxc5 Nxc5) 33. Qh5 (33. Bh3 $15 Qe2+ 34. Kg1 Qe3+ 35. Kg2) 33... Nd7 $19 34. Bh3 (34. Qe8+ $17 Ndf8 35. Bh3 Qe2+ 36. Bg2) 34... Nf6 35. Qe5 {[#]} Kf7 $1 ({Weaker is} 35... Qe2+ 36. Kg1 $17) 36. Bf5 g6 37. Bxg6+ $2 (37. Kg1) 37... Kxg6 {Black is clearly winning.} 38. Qf5+ {[#]} Kf7 $1 ({Not} 38... Kg7 39. Be5 $17) 39. Be5 Qe2+ 40. Kg3 Qe1+ 41. Kh3 Qh1+ 42. Kg3 Qg1+ 43. Kh3 Qg6 {Precision: White = 37%, Black = 65%.} 0-1

[Event "10th Mumbai Mayors Cup 2017"]
[Site "Mumbai"]
[Date "2017.07.06"]
[Round "5"]
[White "Ziatdinov, Raset"]
[Black "Panta, Sumit"]
[Result "1-0"]
[WhiteElo "2301"]
[BlackElo "1957"]
[Annotator "TA"]
[PlyCount "67"]
[EventDate "2017.06.04"]
[EventType "swiss"]
[EventCountry "IND"]
[SourceTitle "playchess.com"]
[Source "ChessBase"]
[SourceQuality "1"]

{[%evp 9,67,32,51,0,27,28,37,35,13,26,33,41,33,16,28,14,20,-17,-6,-25,8,0,11,-20,-11,-62,59,60,68,68,52,64,91,90,95,88,104,97,184,122,254,247,247,144,139,135,395,391,509,514,699,739,1670,1610,1681,1674,1551,1544,29994,589]} 1. e4 e6 2. d4 d5 3. Nc3 dxe4 4. Nxe4 Nd7 5. Nf3 Ngf6 {LiveBook: 2987 Games} 6. Nc3 {C10: French with 3 Nc3: Unusual Black 3rd moves and 3...dxe4} (6. Bd3 $14) (6. Nxf6+ Nxf6 7. Ne5 Nd7 8. Bf4 Nxe5 9. Bxe5 f6 10. Bf4 c5 11. dxc5 Qxd1+ 12. Rxd1 Bxc5 13. Bc4 e5 14. Bd2 Ke7 15. Ke2 {1-0 (42) Karjakin,S (2783)-Meier,G (2630) chess.com INT 2017}) 6... c5 7. d5 exd5 8. Nxd5 {White is slightly better.} Nxd5 9. Qxd5 Be7 10. Bf4 $146 ({Predecessor:} 10. Be3 Qa5+ 11. Nd2 O-O 12. Bd3 Nf6 13. Qe5 Re8 {1-0 (22) Hodot,Y (1903)-Fernandez,C (1725) Pau 2012}) 10... Qa5+ 11. Bd2 Qc7 12. O-O-O O-O 13. Bc3 Bf6 14. Rd3 Bxc3 15. Rxc3 Qf4+ 16. Nd2 Nf6 17. Qxc5 ({Better is} 17. Qf3 $11 Qxf3 18. gxf3) 17... Be6 (17... Rd8 $15 18. Rd3 Bg4) 18. g3 $36 {[%mdl 2048] White has good play.} Qa4 19. Ra3 Qd7 {Hoping for ...Qxd2+!} 20. Bd3 Rfc8 21. Qe5 Ng4 22. Qe2 a6 23. Rd1 Qd4 (23... Re8 $16 {keeps fighting.}) 24. Qe4 (24. Ne4 $18) 24... Qxf2 (24... Qxe4 $16 25. Nxe4 g6) 25. Qxh7+ $18 Kf8 26. Rf1 ({White has to play} 26. Qh8+ $18 Ke7 27. Qxg7) 26... Qxh2 $16 {[#]} 27. Qe4 $1 {[%cal Re4e6]} Nf2 $2 {[%mdl 8192] [#]} (27... Nf6 $16 {might work better.} 28. Qxb7 Rab8) 28. Qf3 $1 $18 Nh3 29. Ra4 {aiming for Rh4.} Ng5 30. Qe3 Nh3 31. Qxe6 {[%csl Gf1][%cal Re6f7]} Nf2 32. Qd6+ Kg8 33. Rh4 Qg2 34. Bh7+ {Precision: White = 55%, Black = 22%.} 1-0

[Event "10th Mumbai Mayors Cup 2017"]
[Site "Mumbai"]
[Date "2017.07.06"]
[Round "5"]
[White "Kulkarni Bhakti"]
[Black "Nagare Akhilesh"]
[Result "1-0"]
[WhiteElo "2292"]
[BlackElo "1865"]
[Annotator "TA"]
[PlyCount "89"]
[EventDate "2017.06.04"]
[EventType "swiss"]
[EventCountry "IND"]
[SourceTitle "playchess.com"]
[Source "ChessBase"]
[SourceQuality "1"]

{[%evp 9,89,0,11,-2,83,76,62,81,72,52,68,61,64,75,83,83,82,77,70,54,88,58,86,93,93,0,78,86,59,33,17,12,21,22,43,25,0,0,18,0,37,37,36,33,34,25,212,220,215,212,209,196,321,294,421,425,556,558,561,566,576,563,620,633,667,652,621,650,750,706,696,692,691,684,675,636,654,533,531,529,516,501]} 1. d4 {[%cal Bd2d4,Bd4d5][%mdl 32]} Nf6 2. c4 e6 3. Nc3 Bb4 4. e3 c5 5. d5 (5. Nge2 cxd4 6. exd4 d5 7. c5 Ne4 8. Bd2 Nxd2 9. Qxd2 b6 10. a3 Bxc3 11. Nxc3 a5 12. Bb5+ Bd7 13. O-O bxc5 14. dxc5 a4 15. Bxd7+ Qxd7 16. f4 d4 17. Ne4 O-O 18. f5 f6 19. fxe6 Qxe6 20. Qxd4 {1-0 (55) Navara,D (2737)-Tomashevsky,E (2724) Germany 2017}) 5... d6 6. Nge2 {E41: Nimzo-Indian: Rubinstein: 4...c5 5 Bd3, including Hübner Variation} e5 (6... O-O $11) 7. a3 Bxc3+ 8. Nxc3 {White is slightly better.} e4 $146 ({Predecessor:} 8... Nbd7 9. e4 Nf8 10. h3 Ng6 11. Be3 Bd7 12. Qd2 Qe7 {1-0 (55) Juszczak,A-Szymanska,M (2055) Trzebinia 1999}) 9. b4 b6 10. Qa4+ Bd7 11. Qc2 Bf5 12. f4 h5 13. bxc5 bxc5 14. Nb5 O-O 15. Be2 a6 16. Nc3 Nbd7 17. g3 ({Better is} 17. O-O $16) 17... Re8 (17... Bh3 $1 $11) 18. h3 $1 $16 Nf8 19. Qd1 Qd7 20. Bf1 Rab8 21. Ra2 Qc7 22. Rg2 Qa5 23. Qc2 Bd7 24. Kf2 Ng6 25. Be2 Qb6 26. Bd1 Qd8 27. g4 {[%cal Bg3g4,Bg4g5][%mdl 32]} Qe7 $2 {[#]} (27... Nh4 $1 $11 {and Black stays safe.} 28. Rg3 Qe7) 28. g5 $1 $18 {[%cal Rg5f6]} Nh7 {[#]} 29. h4 $1 ({Less strong is} 29. Bxh5 Nh4 $14) 29... Bf5 {Strongly threatening ...Nxf4!} 30. Kg1 Qd7 (30... Qb7 {keeps fighting.} 31. Bb2 (31. Bxh5 Qb3 $16) 31... Nhf8) 31. Bxh5 Nhf8 (31... Nh8 {might work better.} 32. Bd1 f6) 32. Bd1 {White is clearly winning.} Nxf4 33. exf4 e3 34. Qe2 Ng6 35. Qf3 e2 36. Rxe2 Rxe2 37. Bxe2 Rb3 38. h5 Ne7 39. Bd1 Bg4 40. Qxg4 Qxg4+ 41. Bxg4 Rxc3 42. Kf2 Rxc4 43. Bf3 Nf5 44. Re1 Rc2+ 45. Kg1 {Precision: White = 76%, Black = 44%.} 1-0

[Event "10th Mumbai Mayors Cup 2017"]
[Site "Mumbai"]
[Date "2017.07.06"]
[Round "5"]
[White "Raahul V S"]
[Black "Aaryan Varshney"]
[Result "1-0"]
[WhiteElo "2282"]
[BlackElo "1752"]
[Annotator "TA"]
[PlyCount "67"]
[EventDate "2017.06.04"]
[EventType "swiss"]
[EventCountry "IND"]
[SourceTitle "playchess.com"]
[Source "ChessBase"]
[SourceQuality "1"]

{[%evp 16,67,38,29,45,52,51,53,165,125,122,129,167,89,94,94,101,88,137,133,147,155,176,149,137,148,221,131,146,137,166,118,164,108,148,152,205,148,172,141,156,156,139,0,0,0,0,-43,-45,-52,0,3,361,331]} 1. c4 e5 2. Nc3 Nc6 3. Nf3 Nf6 4. g3 g6 5. Bg2 Bg7 6. O-O O-O 7. d4 d6 8. dxe5 dxe5 9. Bg5 {LiveBook: 96 Games} Qxd1 {E62: King's Indian: Fianchetto: 6...c6 and Panno Variation (6...Nc6) without ...a6} (9... Be6 10. Qa4 h6 11. Rad1 Qe7 12. Nd5 Bxd5 13. Bxf6 Bxf6 14. cxd5 Nd4 15. e4 Nxf3+ 16. Bxf3 Rfd8 17. Rc1 Qd7 18. Qxd7 Rxd7 {½-½ (35) Edouard,R (2628)-Bacrot,E (2692) Cap d'Agde 2016}) 10. Rfxd1 h6 11. Be3 Na5 $146 ({Black should try} 11... Bg4 $14) ({Predecessor:} 11... Be6 12. Nd5 e4 13. Ne1 Bxd5 14. cxd5 Ne7 15. Bc5 Rfe8 16. d6 cxd6 17. Bxd6 {½-½ (29) Csala,I (2310)-Horvath,L (2276) Hungary 2006}) 12. b3 ({Don't do} 12. Nxe5 $6 Ng4 $14) 12... e4 13. Nd4 Ng4 {[#]} 14. Nxe4 (14. Bf4 $1 $18) 14... Nxe3 $16 15. fxe3 Re8 16. Kf2 Bf5 17. Nc5 c6 18. Rac1 Bf8 19. Nd3 Bxd3 20. exd3 {[%cal Be2d3,Bd3d4][%mdl 32]} Rad8 (20... c5 $16) 21. Nc2 ({White should play} 21. c5 $18 b6 22. Nxc6 Nxc6 23. Bxc6) 21... c5 22. d4 b6 23. Ne1 h5 24. Rd3 (24. dxc5 $18 {aiming for Rxd8.} Bxc5 25. Nc2) 24... Bh6 25. Rcd1 Kg7 (25... cxd4 $16 26. exd4 Kg7) 26. Bd5 b5 27. Ng2 bxc4 28. bxc4 cxd4 29. Ra3 ({Resist} 29. Rxd4 Rc8 $14) (29. exd4 $16 {Threatens to win with Ra3.} Rd6 30. Rb1) 29... dxe3+ $11 30. Ke2 Rb8 31. Nxe3 Rb2+ 32. Rd2 Rxd2+ (32... Rb6 $1 $15) 33. Kxd2 Rxe3 $2 {[%mdl 8192] [#]} (33... Kf6 $11) 34. Rxe3 {Precision: White = 45%, Black = 29%.} 1-0

[Event "10th Mumbai Mayors Cup 2017"]
[Site "Mumbai"]
[Date "2017.07.06"]
[Round "5"]
[White "Aditya Mittal"]
[Black "Grover, Sahaj"]
[Result "0-1"]
[WhiteElo "2211"]
[BlackElo "2485"]
[Annotator "TA"]
[PlyCount "118"]
[EventDate "2017.06.04"]
[EventType "swiss"]
[EventCountry "IND"]
[SourceTitle "playchess.com"]
[Source "ChessBase"]
[SourceQuality "1"]

{[%evp 9,118,0,0,17,0,5,0,-11,6,0,0,-28,0,8,16,21,0,0,-2,-12,-4,-6,-9,-11,0,0,0,-23,-23,-21,15,-47,-39,-39,-41,-72,-39,-60,-60,-87,-52,-56,-56,-56,-56,-56,-61,-58,-54,-54,-54,-59,-58,-58,-64,-59,-43,-49,-32,-33,-26,-47,-39,-53,-46,-48,-43,-43,-37,-37,-45,-43,-39,-55,-55,-95,-95,-95,-95,-95,-67,-67,-55,-55,-55,-55,-55,-55,-8,-8,0,0,0,-830,-779,-29948,-29948,-29966,-12842,-29977,-29978,-29980,-29981,-29982,-29983,-29983,-29983,-29983,-29984,-29984,-29985]} 1. d4 {[%cal Bd2d4,Bd4d5][%mdl 32]} Nf6 2. c4 e6 3. Nc3 Bb4 4. f3 c5 5. d5 b5 6. e4 {E20: Nimzo-Indian: 4 g3 and 4 f3} O-O 7. e5 Ne8 8. f4 {The position is equal.} exd5 9. cxd5 d6 10. Nf3 c4 (10... Nc7 11. a4 Bb7 12. Bd3 h6 13. O-O Bxc3 14. bxc3 dxe5 15. axb5 {1-0 (32) Mamedyarov,S (2766)-Hou,Y (2651) Sharjah 2017}) 11. a4 Nd7 12. Be2 Qb6 13. axb5 dxe5 14. fxe5 {[#]} Nc7 $146 15. Qd4 $132 {[%mdl 2048] White is fighting back} Qxd4 16. Nxd4 {[#] Threatens to win with d6.} Nxd5 17. Bd2 Bxc3 18. bxc3 (18. Bxc3 {with more complications.} Nxe5 19. Nc6 Nxc6 20. bxc6 Be6 21. Bf3) 18... Nxe5 19. O-O Bb7 20. Nc6 (20. Nf3 $11) 20... Nxc6 21. bxc6 Bxc6 22. Bxc4 Rfd8 23. Bg5 Rd7 24. Rad1 f6 25. Be3 Kh8 26. Bxd5 Rxd5 27. Rxd5 Bxd5 $15 {[%mdl 4096] Endgame KRB-KRB} 28. Rf5 Be6 29. Ra5 a6 30. Kf2 Kg8 31. Bd4 Kf7 32. Ke3 Ke7 33. Kd3 Kd7 34. c4 Rc8 35. Rc5 Rc6 36. Rxc6 Kxc6 {KB-KB} 37. Bb2 Kd6 38. Kd4 Bg4 39. Ba3+ Kd7 40. Bf8 g5 41. Bb4 Be2 42. h4 gxh4 43. Be1 h3 44. gxh3 Ke6 45. h4 h5 46. c5 Bf3 47. Ke3 Bg4 48. Kd4 Kf5 49. c6 Bf3 50. Kc5 Kf4 51. Kd6 $2 {[%mdl 8192] [#]} (51. Bd2+ $11 Kg4 52. Bc3) 51... f5 $1 $19 {[%cal Bf6f5,Bf5f4][%mdl 32]} 52. Kd7 Ke3 53. Ke6 f4 54. c7 Bg4+ {Black mates.} 55. Kf6 Ke2 56. Kg5 Kxe1 57. Kxf4 a5 {[%cal Ba6a5,Ba5a4][%mdl 32]} 58. Ke3 a4 59. Kd3 Kf2 {Precision: White = 58%, Black = 66%.} 0-1

[Event "10th Mumbai Mayors Cup 2017"]
[Site "Mumbai"]
[Date "2017.07.06"]
[Round "5"]
[White "Mithil, Ajgaonkar"]
[Black "Rahman, Ziaur"]
[Result "0-1"]
[WhiteElo "2203"]
[BlackElo "2526"]
[Annotator "TA"]
[PlyCount "196"]
[EventDate "2017.06.04"]
[EventType "swiss"]
[EventCountry "IND"]
[SourceTitle "playchess.com"]
[Source "ChessBase"]
[SourceQuality "1"]

{[%evp 18,196,20,19,18,23,34,5,28,19,15,-15,0,-15,7,0,25,29,39,29,18,32,23,29,50,50,65,39,38,23,41,0,0,0,37,35,51,25,69,68,75,68,65,67,61,69,71,64,82,40,52,42,50,25,20,22,21,23,27,6,1,4,6,-2,-8,-22,0,-56,-66,-258,-239,-324,-322,-380,-385,-339,-292,-295,-295,-295,-289,-545,-541,-532,-531,-506,-482,-758,-751,-751,-750,-750,-743,-732,-725,-713,-709,-674,-642,-912,-856,-1029,-789,-12846,-12847,-12847,-12847,-12849,-12849,-12850,-12850,-12850,-12851,-12851,-12851,-12851,-12851,-12851,-12851,-12851,-12851,-12851,-12851,-12851,-12851,-12851,-12851,-12851,-29960,-12851,-29974,-12851,-29982,-12851,-29982,-12851,-29984,-12851,-29985,-12851,-29985,-12851,-29987,-12851,-29984,-12851,-29982,-12851,-12851,-12851,-12851,-12851,-29945,-12851,-29973,-12851,-29974,-12851,-29973,-12851,-29972,-12851,-29964,-12851,-29974,-12851,-29978,-12851,-29978,-12851,-29979,-12851,-29982,-12851,-29983,-12851,-29987,-12851,-29989,-12851,-29989]} 1. d4 e6 2. c4 b6 3. Nf3 Bb7 4. Nc3 Bb4 5. Qc2 f5 6. a3 Bxc3+ 7. Qxc3 Nf6 8. g3 O-O 9. Bg2 Be4 10. O-O Nc6 {E32: Nimzo-Indian: Classical (4 Qc2): 4...0-0} 11. b4 Ne7 12. Bb2 $146 ({Predecessor:} 12. a4 a5 13. Ba3 axb4 14. Bxb4 d6 15. Rfd1 Qd7 16. Qb3 Rfb8 17. Ne5 Qe8 18. f3 {½-½ (66) Candela Perez,J (2432)-Pogorelov,R (2517) Seville 2003}) 12... c6 {The position is equal.} 13. Bc1 b5 14. Bf4 bxc4 15. Qxc4 Bd5 16. Qc2 Ne8 (16... Be4 $5 {[%cal Re4c2]} 17. Qc5 Bd5 $11) 17. Ne5 Bxg2 18. Kxg2 Nd5 19. Bd2 Nd6 20. e3 Nf6 21. f3 Qb6 22. h3 Nf7 23. Nc4 {[%cal Be5c4,Bc4b2,Bb2d3,Bd3c5][%mdl 32]} Qb8 24. g4 Qb5 25. Rae1 Rac8 26. a4 Qa6 27. Nb2 Nd6 28. Nd3 Rb8 29. Nc5 Qc4 30. Rc1 Qxc2 31. Rxc2 {[#] aiming for g5.} h6 32. Re1 Nf7 33. e4 fxe4 34. fxe4 e5 35. dxe5 (35. Bc3 $5 {[%cal Rd4e5]} Rbe8 36. Rcc1 $14) 35... Nxe5 36. Bc3 Rbe8 37. Rd2 Rf7 38. Rd6 Nc4 39. Rd4 d5 40. b5 cxb5 {White must now prevent ...Rc8.} 41. axb5 Nd6 {And now ...Rc8 would win.} 42. exd5 (42. Rd3 $11) 42... Rc8 $36 {[%mdl 2048] Black fights for an advantage.} 43. Bb4 $2 (43. Na4 $1 $15) 43... Nxb5 $19 44. Rd2 {[#]} a5 $1 {[%cal Ra5b4][%mdl 512]} 45. d6 (45. Bxa5 Rxc5) 45... axb4 46. d7 Rd8 47. Rb1 Nc3 ({Not} 47... Nxd7 48. Rxb4 Nc7 49. Rbd4 $17) 48. Rxb4 Re7 ({Less strong is} 48... Nxd7 49. Rb7 $17) 49. Rb7 $2 (49. Rc4 {was necessary.} Ncd5 50. Rcd4) 49... Nce4 50. Nxe4 Nxe4 51. Re2 Kf8 52. h4 (52. Rb5 $142) 52... Nd6 53. Rf2+ Rf7 54. Rxf7+ Kxf7 {[%mdl 4096] Endgame KRN-KR} 55. Ra7 Ke7 56. Kf3 Rxd7 57. Ra5 Ke6 58. g5 h5 59. g6 Kf6 60. Rxh5 Nf5 61. Rh8 Kxg6 62. h5+ Kg5 63. Rh7 Nh6 64. Rh8 Kxh5 65. Kf4 Rf7+ 66. Kg3 Kg5 67. Ra8 Nf5+ 68. Kh3 Rb7 69. Ra3 Rb5 70. Ra4 Rb3+ 71. Kh2 Rd3 72. Rb4 Rd4 73. Rb3 Kg4 74. Rb2 g5 75. Rg2+ Kh5 76. Rf2 Rf4 77. Ra2 g4 78. Ra3 Rf2+ 79. Kg1 Rb2 80. Rc3 Nd4 81. Rd3 Ne2+ 82. Kf2 Nf4+ 83. Kg3 Ne2+ 84. Kf2 Kh4 85. Rd8 Nf4+ 86. Ke3 Ng2+ 87. Ke4 Re2+ 88. Kf5 Rf2+ 89. Ke4 Rf4+ 90. Ke5 Ra4 91. Rd3 Nf4 92. Rd2 g3 {[%cal Bg4g3,Bg3g2][%mdl 32]} 93. Kf5 Nh5 94. Rd1 g2 95. Rg1 Kg3 96. Kg6 Ra5 97. Kh6 Kh2 98. Rb1 Ng3 {Precision: White = 44%, Black = 68%.} 0-1

[Event "10th Mumbai Mayors Cup 2017"]
[Site "Mumbai"]
[Date "2017.07.06"]
[Round "5"]
[White "Arvind, Shastry"]
[Black "Polakhare Aryan"]
[Result "1-0"]
[WhiteElo "2190"]
[BlackElo "1881"]
[Annotator "TA"]
[PlyCount "134"]
[EventDate "2017.06.04"]
[EventType "swiss"]
[EventCountry "IND"]
[SourceTitle "playchess.com"]
[Source "ChessBase"]
[SourceQuality "1"]

{[%evp 15,134,7,46,40,69,77,69,68,154,154,154,154,154,154,154,154,154,154,154,154,154,154,154,154,157,131,131,131,159,115,155,102,164,161,173,167,162,162,163,125,125,125,125,125,137,136,134,114,154,132,131,122,189,175,183,130,234,241,264,262,238,260,257,231,306,297,325,342,322,331,339,343,325,300,344,319,348,338,796,768,707,683,2419,2305,29980,29981,29981,29982,29982,12844,29988,29985,29985,29986,29986,29987,29987,29988,29988,29989,29989,29990,29992,29993,29993,29994,29995,29996,29996,29997,29997,29997,29997,29997,29998,29999,29999,29999,29999,29999,29999]} 1. d4 f5 2. Nc3 d5 3. Bg5 Nf6 4. Bxf6 exf6 5. e3 c6 6. Bd3 Be6 7. Qf3 g6 8. Nge2 Nd7 9. h3 {A80: Dutch Defence: Unusual White second moves} (9. O-O-O Qc7 10. h3 O-O-O 11. g4 fxg4 12. hxg4 Be7 13. Nf4 Bf7 14. Rh6 Nf8 15. Rdh1 Kb8 16. Nce2 Bd6 {½-½ (34) Grischuk,A (2785)-Svidler,P (2746) Riga 2013}) 9... Bg7 10. g4 fxg4 11. hxg4 {And now Rxh7! would win.White is slightly better.} Qe7 {[#]} ({Black should try} 11... Bf7 $14) 12. Rxh7 $1 $16 {[%mdl 512]} Nf8 (12... Rxh7 13. Bxg6+) 13. Rxh8 Bxh8 14. O-O-O $146 ({Predecessor:} 14. Nf4 Bf7 15. O-O-O O-O-O 16. a3 Kb8 17. Na4 Bg7 18. Rh1 Qe8 19. Nc5 Qe7 20. Na4 Qe8 21. Nc5 Qe7 22. Na4 {½-½ (22) Gazarek,D (2340)-Jurkovic,H (2270) Makarska 1994}) 14... O-O-O 15. Kb1 Qd7 16. Rg1 Bf7 17. Nf4 Bg7 18. Na4 Qd6 19. Nc5 Kb8 20. Qg3 b6 21. Nb3 Kb7 22. Rc1 Bh6 23. Ne2 (23. Rh1 $142 Bxf4 24. Qxf4 (24. exf4 Ne6 $16)) 23... Qe7 (23... Qxg3 $16 24. Nxg3 Be6) 24. Qg2 $18 Be6 25. Rh1 Bg7 26. Nf4 Bf7 27. Be2 Ne6 28. Nxe6 Bxe6 29. Bd3 Bf7 30. Nd2 Re8 31. Nf3 Rg8 32. Rh7 g5 33. Nd2 Qb4 (33... Qf8 $16 {keeps fighting.} 34. Qh2 Rh8 35. Rxh8 Qxh8) 34. c3 Qf8 35. Qf3 ({Better is} 35. e4 $18) 35... Qe8 (35... Rh8 $16 {was called for.} 36. Rxh8 Qxh8) 36. Nf1 (36. Qg3 Bg6 $15) 36... Bg6 37. Bxg6 Qxg6+ 38. Qf5 Qxf5+ 39. gxf5 {[%mdl 4096] Endgame KRB-KRN} Kc8 40. Ng3 Kd8 41. Nh5 Rh8 {[#]} 42. Rxh8+ $1 ({Not} 42. Rxg7 Rxh5 43. a4 (43. Rxa7 Rh1+ 44. Kc2 Rh2 $14) 43... Rh1+ 44. Ka2 Rf1 $16) 42... Bxh8 {KB-KN} 43. f3 Ke7 44. Kc2 Kf7 45. Kd3 Kg8 46. c4 Kh7 $2 (46... Kf8 47. a4 Ke7) 47. cxd5 cxd5 48. e4 dxe4+ 49. Kxe4 Bg7 50. Nxg7 Kxg7 {KP-KP} 51. Kd5 Kf7 52. Kc6 (52. Kd6 $142 a5 53. d5 Kf8 54. Kc7 Kg7 55. d6 g4 56. fxg4 Kh6 57. Kxb6) 52... Ke7 53. Kc7 {White mates.} Kf7 54. d5 g4 55. fxg4 Kg7 56. d6 Kh6 57. d7 Kg5 58. d8=Q Kxg4 59. Qxf6 Kf4 60. Qe6 b5 61. f6 b4 62. f7 {[%cal Bf6f7,Bf7f8,Bf8g8][%mdl 32]} b3 63. a4 Kg5 64. f8=R Kh5 65. Rg8 {[%cal Re6h3]} Kh4 66. Kb7 {[%cal Re6h6]} a5 67. Ka6 {[%cal Re6h6]} Kh5 {Precision: White = 74%, Black = 30%.} 1-0